Guess the Olivia Rodrigo song with no hints #3 - Statistics

General Stats
  • This quiz has been taken 530 times
  • The average score is 257 of 319
Answer Stats
Lyrics % Correct
I
100%
A
98%
you
96%
you?
96%
you)
96%
the
92%
And
90%
and
90%
on
90%
we
90%
when
90%
to
89%
it
88%
so
88%
So
88%
your
88%
be
87%
for
87%
love
87%
She
87%
she
87%
Do
86%
do
86%
in
86%
In
86%
that
86%
that,
86%
That
86%
(Ha
85%
ha
85%
ha,
85%
ha)
85%
one
85%
but
84%
get
84%
her
84%
her,
84%
déjà
83%
know
83%
vu
83%
vu?
83%
vu,
83%
was
83%
all
82%
cream,
82%
cream
82%
ice
82%
it's
82%
Strawberry
82%
you're
82%
You're
82%
how
81%
she's
81%
tell
81%
think
81%
too?
81%
too
81%
two
81%
with
81%
did
80%
is
80%
Car
79%
Malibu
79%
spoon
79%
'bout
78%
like
78%
my
78%
who
78%
bet
77%
of
77%
(Oh
77%
oh)
77%
(Oh,
77%
(Oh)
77%
gonna
76%
looks
76%
reused
76%
reused)
76%
Billy
75%
'Cause
75%
say
75%
special,
75%
thinks
75%
rides
74%
singin'
74%
friends,
73%
jackets
73%
Joel
73%
Don't
72%
Laughin'
72%
small
72%
Girl"
71%
girl
71%
Play
71%
tradin'
71%
used
71%
just
70%
Now
70%
now
70%
now,
70%
Bein'
69%
harmony
68%
jokes
68%
knows
68%
our
68%
unique,
68%
about
67%
act
67%
hate
67%
played
67%
Played
67%
between
66%
call
66%
doesn't
66%
first
66%
same
66%
sayin'
66%
together
66%
type
66%
Watching
66%
(Yeah,
66%
didn't
65%
even
65%
name?
65%
place,
65%
talked
65%
"Uptown
65%
chorus
64%
everything
64%
let's
64%
made
64%
verse
64%
Glee
63%
honest,
63%
shit,
63%
annoying,
62%
braggin'
62%
found
62%
kinda
62%
new
62%
nothing
62%
sound
62%
piano,
61%
singing
61%
taught
61%
different
59%
there's
59%
(Ah)
58%
show
58%
actress
57%
Another
57%
songs
57%
reruns
56%
almost
50%
huh?
44%
(Ooh;
36%
hmm
28%
Hmm
28%
No matching quizzes found
Score Distribution
Percent of People with Each Score
Percentile by Number Answered
Your Score History
You have not taken this quiz